[Event "Fortaleza Cearense-ch"]
[Site "Fortaleza"]
[Date "2021.??.??"]
[Round "5"]
[White "De Lima, Nilo Fernandes"]
[Black "Meneses, Luiz Claudio"]
[Result "1/2-1/2"]
[WhiteElo "1554"]
[BlackElo "1673"]
[PlyCount "91"]
[EventDate "2021.11.12"]
[EventType "swiss"]
[EventRounds "7"]
[EventCountry "BRA"]
[SourceTitle "CBM 205 Extra"]
[Source "ChessBase"]
[SourceDate "2022.01.31"]
[SourceVersion "1"]
[SourceVersionDate "2022.01.31"]
[SourceQuality "1"]

1. e4 c5 2. d4 cxd4 3. Nf3 d6 4. Bc4 Nf6 5. Qe2 e6 6. Bg5 Be7 7. c3 dxc3 8. Nxc3 a6 9. 0-0 0-0 10. Rfd1 Qc7 11. Rac1 Nc6 12. Bb3 Rd8 13. Bxf6 Bxf6 14. Nd5 exd5 15. exd5 Bd7 16. dxc6 Bxc6 17. Bd5 Qb6 18. Bxc6 bxc6 19. Rc2 Rac8 20. Nd2 d5 21. Nb3 a5 22. Qg4 d4 23. Nc5 g6 24. Nd7 Rxd7 25. Qxd7 Qc7 26. Qxc7 Rxc7 27. Rdc1 d3 28. Rxc6 Rxc6 29. Rxc6 Bxb2 30. Rd6 Bc3 31. Rxd3 Bb4 32. Kf1 Kg7 33. Ke2 Kf6 34. Rd5 Ke6 35. Rb5 h5 36. Kd3 Be1 37. f3 Bb4 38. Kc4 Be1 39. Kb3 Kd6 40. Ka4 Kc6 41. Rxa5 Bxa5 42. Kxa5 Kc5 43. a4 g5 44. Ka6 Kc6 45. g3 f5 46. h4 1/2-1/2

[Event "Fortaleza Cearense-ch"]
[Site "Fortaleza"]
[Date "2021.??.??"]
[Round "2"]
[White "Moreira, Mario Wedney De Lim"]
[Black "Meneses, Luiz Claudio"]
[Result "1-0"]
[WhiteElo "1409"]
[BlackElo "1673"]
[PlyCount "67"]
[EventDate "2021.11.12"]
[EventType "swiss"]
[EventRounds "7"]
[EventCountry "BRA"]
[SourceTitle "CBM 205 Extra"]
[Source "ChessBase"]
[SourceDate "2022.01.31"]
[SourceVersion "1"]
[SourceVersionDate "2022.01.31"]
[SourceQuality "1"]

1. e4 c5 2. Nf3 d6 3. d4 cxd4 4. Nxd4 Nf6 5. Nc3 a6 6. Bg5 e6 7. a4 Be7 8. Bc4 Qc7 9. Ba2 Nc6 10. 0-0 Nxd4 11. Qxd4 0-0 12. Kh1 b6 13. f4 Qc5 14. Qxc5 bxc5 15. e5 dxe5 16. fxe5 Nd5 17. Bxd5 Bxg5 18. Bxa8 a5 19. Bc6 Ba6 20. Bb5 Bb7 21. Rad1 h5 22. Rd7 Ba8 23. Re1 h4 24. h3 Bf4 25. Bc4 g5 26. Nb5 g4 27. hxg4 h3 28. Bf1 Kg7 29. Nc7 hxg2+ 30. Bxg2 Rh8+ 31. Kg1 Bxg2 32. Kxg2 Rh2+ 33. Kf3 Bg5 34. Nxe6+ 1-0